Statystyki dla Piłka nożna quiz #29 - Reprezentacje na Euro 2024

Kliknij tutaj aby rozwiązać quiz!

Ogólne statystyki

  • Ten quiz został rozwiązany 1 941 razy
  • Średni wynik to 19 z 24

Statystyki odpowiedzi

Grupa A% Poprawnych
Polska
99%
Francja
98%
Holandia
95%
Niemcy
95%
Austria
93%
Hiszpania
92%
Portugalia
92%
Włochy
89%
Anglia
85%
Czechy
85%
Ukraina
82%
Chorwacja
79%
Albania
78%
Belgia
77%
Słowacja
72%
Szwajcaria
70%
Węgry
69%
Słowenia
66%
Dania
65%
Szkocja
64%
Turcja
58%
Gruzja
57%
Serbia
57%
Rumunia
51%

Rozkład punktacji

Percentyl według liczby udzielonych odpowiedzi

Procent ludzi z każdym wynikiem

Twoja historia wyników

Nie rozwiązałeś tego quizu